Most Popular Universal Movies - Statistics

General Stats
  • This quiz has been taken 95 times
    93 since last reset
  • The average score is 3 of 12
Answer Stats
Release Year Movie % Correct
1993 Jurassic Park
89%
1975 Jaws
49%
1982 E.T. the Extra-Terrestrial
37%
1985 Back to the Future
36%
2010 Despicable Me
27%
1999 The Mummy
19%
1933 King Kong
16%
2001 Fast & Furious
13%
2012 Pitch Perfect
4%
2002 The Bourne Identity
4%
2016 The Secret Life of Pets
4%
1995 Apollo 13
1%
No matching quizzes found
Score Distribution
Percent of People with Each Score
Percentile by Number Answered
Your Score History
You have not taken this quiz since the last reset